MDQL
is popping MORE tags! Check the
thread
!
Quizzes
Events
Quiz Creation
Community
Videos
Private Events
Remove Ads
Sign In
Join for FREE
Feedback
Dark Mode
Quiz Categories
Sports
Geography
Music
Movies
Television
Just For Fun
Miscellaneous
History
Literature
Language
Science
Gaming
Entertainment
Religion
Holiday
For Kids
Quiz Lab
Recent
Popular Today
Quiz Kudos Today
Editor Picks
Curator Picks
Quizzes by...
Day
Popularity
Type
Ratings
Length
Year
Community
Subscriptions
Recent Discussions
Orange Saloon
Badges
Playlists
Quests
Create
Leaderboards
Showdown
Live 5
Trivia Bingo
Activity
Puzzle Library
Sporcle Events
Private Events
Virtual Trivia
Globe League
Become a Host
Pub Owners
SporcleCon
Opinionation
Our Games
Videos
Blog
Mobile Apps
Partnerships
Remove Ads and Go Orange
Feedback
Entertainment
Celebrity
Famous
Musical
Broadway
Show
Quote
Comic Books
Anime
Superhero
DC Comics
Marvel
Cartoons
Animation
Entertainment
Celebrity
Famous
Musical
Broadway
Show
Quote
Comic Books
Anime
Superhero
DC Comics
Marvel
Cartoons
Animation
Random Quiz
Search Sporcle
×
Quiz Lab
Quiz Lab
Entertainment
Cast
Type in answers that appear in a list
Type in answers that appear in a list
Classic
Best Score? Go Orange.
Are You The One? Cast Members Stats
Can you name the Are You The One? Cast Members?
By
maccciscooox0
10m
147 Questions
319 Plays
319 Plays
319 Plays
Comments
Comments
Give Quiz Kudos
Give Quiz Kudos
-
- Ratings
hide this ad
Replay
Link that replays current quiz
Next Quiz
Link to next quiz in quiz playlist
You Got
0%
They Got
Avg Score
81%
Avg Friend Score
Upgrade to see
Score Distribution
Jump to the score distribution portion of the page
Score
0/147
Timer
10:00
0
Plays Today
Season
% Correct
Season 1
Shanley McIntee
93.4%
Season 1
Adam Kuhn
92.8%
Season 1
Chris Scali
91.5%
Season 1
Chris Tolleson
91.5%
Season 3
Devin Walker
91.5%
Season 1
John Jacobs
91.2%
Season 2
Christina LeBlanc
90.6%
Season 4
Tori Deal
90.6%
Season 2
Briana LaCuesta
90.3%
Season 7
Bria Hamilton
90.1%
Season 1
Brittany Baldassari
90%
Season 2
Tyler Pratt
90%
Season 7
Cam Viney
89.4%
Season 2
John Moustis
89.3%
Season 4
John Humphrey
89.3%
Season 3
Hannah Rathbun
89%
Season 4
Cam Bruckman
89%
Season 3
Amanda Garcia
88.7%
Season 3
Britni Thornton
88.7%
Season 6
Joe Togerson
88.7%
Season 1
Kayla Lusby
88.4%
Season 2
Tyler Abron
88.4%
Season 3
Tyler Johnson
88.4%
Season 4
Tyler Norman
88.4%
Season 5
Tyler O'Brien
88.4%
Season 5
Hannah Fugazzi
88.4%
Season 4
Morgan St. Pierre
88.1%
Season 6
Ethan Cohen
88.1%
Season 6
Tyler Colon
88.1%
Season 3
Mike Creszeno
87.8%
Season 7
Morgan Fletcher
87.7%
Season 1
Amber Lee
87.5%
Season 3
Kiki Cooper
87.5%
Season 5
Mike Cerasani
87.5%
Season 1
Ethan Diamond
87.1%
Season 2
Brandon Tindel
87.1%
Season 5
Taylor Selfridge
87.1%
Season 7
Zak Jones
87%
Season 7
Kayla Umagat
87%
Season 3
Hunter Barfield
86.8%
Season 3
Zak Longo
86.8%
Season 3
Kayla Brackett
86.8%
Season 3
Nelson Thomas
86.8%
Season 5
Kam Williams
86.8%
Season 7
Kenya Scott
86.6%
Season 2
Ashley Hall
86.5%
Season 2
Ellie Puckett
86.5%
Season 4
Cameron Kolbo
86.5%
Season 6
Anthony Martin
86.5%
Season
% Correct
Season 2
Nathan Siebenmark
86.2%
Season 5
Andre Siemers
86.2%
Season 4
Julia Rose
85.9%
Season 5
Alicia Wright
85.9%
Season 6
Uche Nwoso
85.8%
Season 6
Nurys Mateo
85.8%
Season 2
Anthony Bartolette
85.6%
Season 6
Nicole Spiller
85.5%
Season 2
Alex Phillips
85.3%
Season 3
Cheyenne Floyd
85.3%
Season 5
Michael Halpern
85.3%
Season 7
Cali Trepp
85.2%
Season 7
Andrew Couture
85.2%
Season 6
Michel Johnson
85.2%
Season 4
Nicole Brown
85%
Season 4
Giovanni Rivera
85%
Season 2
Paris Eike
84.6%
Season 3
Chuck Mowery
84.6%
Season 4
Stephen McHugh
84.6%
Season 6
Geles Rodriguez
84.5%
Season 5
Derrick henry
84.3%
Season 6
Clinton Moxom
84.2%
Season 6
Alexis Eddy
84.2%
Season 6
Diandra Delgado
84.2%
Season 4
Kaylen Zahara
84%
Season 2
Dario Medrano
83.7%
Season 4
Mikala Thomas
83.7%
Season 4
Prosper Muna
83.4%
Season 5
Joey Amoia
83.4%
Season 6
Malcoolm Dummer
83.2%
Season 7
Samantha McKinnon
83.1%
Season 1
Joey Dillon
83.1%
Season 4
Emma Sweigard
83.1%
Season 5
Edward Williams
83.1%
Season 1
Dre McCoy
82.8%
Season 4
Asaf Goren
82.8%
Season 7
Nutsa Sikhaulidze
82.7%
Season 7
Tevin Grant
82.7%
Season 6
Zoe Pugh
82.6%
Season 2
Jessica Andreatta
82.4%
Season 4
Francesca Duncan
82.4%
Season 1
Jessica Perez
82.1%
Season 5
Ozzy Morales
82.1%
Season 6
Jada Allen
81.9%
Season 5
Casandra Martinez
81.8%
Season 7
Brett Ferri
81.7%
Season 7
Lauren Roush
81.7%
Season 5
Gianna Hammer
81.5%
Season 6
Alivia Hunter
81.3%
Season
% Correct
Season 7
Jasmine Rodriguez
81%
Season 1
Simone Kelly
80.9%
Season 4
Victoria Wyatt
80.9%
Season 6
Audrey Diaz
80.6%
Season 2
Layton Jones
80.6%
Season 3
Rashida Beach
80.6%
Season 6
Kareem Fathalla
80.3%
Season 7
Daniel Vilk
80.3%
Season 7
Kwasi Opuku
80.3%
Season 5
Hayden Weaver
80.3%
Season 5
Osvaldo Romero
80.3%
Season 5
Kari Kowalski
80.3%
Season 3
Melanie Velez
79.9%
Season 4
Sam Handler
79.9%
Season 5
Shannon Duffy
79.9%
Season 7
Moe Elkhalil
79.9%
Season 4
Alyssa Ortiz
79.6%
Season 5
Carolina Duarte
79.6%
Season 6
David Shad
79.4%
Season 1
Paige Brendel
79.3%
Season 1
Ryan Malaty
79%
Season 7
Asia Woodley
78.5%
Season 4
Camille Satterwhite
78.4%
Season 1
Ashleigh Feaster
78.1%
Season 2
Jenni Knapmiller
78.1%
Season 2
Curtis Hadzicki
78.1%
Season 6
Keyana Land
78.1%
Season 1
Coleysia Chestnut
77.7%
Season 2
Alexandria Kim
77.7%
Season 2
Shelby Yardley
77.7%
Season 7
Tomas Buenos,tomas
77.5%
Season 2
Jasmine Pendleton
77.4%
Season 3
Chelsey Perkins
77.1%
Season 5
Jaylan Adlan
77.1%
Season 3
Alec Gonzalez
76.5%
Season 3
Stacey Gurnevich
76.5%
Season 6
Keith Klebacher
76.1%
Season 7
Maria Elizondo
76.1%
Season 1
Wesley Buckles
75.9%
Season 3
Connor Smith
75.9%
Season 1
Dillon Ostrom
75.5%
Season 5
Kathryn Palmer
75.5%
Season 6
Dimitri Valentin
75.5%
Season 3
Austin Sheets
75.2%
Season 7
Lewis Belt
75%
Season 7
Shamoy Persad
75%
Season 1
Jacy Rodriguez
74.6%
Season 2
Garland Brown
74.6%
Season 5
Tyranny Todd
71.5%
Quiz Playlist
Details
Report
Send in Message
Add To Playlist
Classic:
Type in answers that appear in a list
Last Updated: Feb 16, 2017
Quiz Scoreboard
CHALLENGE
Sign Up to Join the Scoreboard
Show All
Scores
Hide
Comments
May contain spoilers
Recently Published
5x2 Blitz: Bands
by SL_Kpop136
Music
30s
Colored Red Africa Blitz
by spor1
Geography
30s
Find the 'City' Movie
by crazypaving
Movies
60s
More to Explore
Quiz From the Vault
Featured Blog Post
14 Easter Pick-up Lines to Find Eggs With
hide this ad
You Might Also Like...
Tags
Cast Quiz
Today's Top Quizzes in Entertainment
Browse Entertainment
hide this ad
Today's Top Quizzes in Cast
Browse Cast
Top Contributed Quizzes in Entertainment
1
Marvel Classic Character Map
2
Dragon Ball Z: Goku's Fights in Order
3
Marvel Characters Bunker
4
JoJo's Bizarre Logic Quiz
5
Celebrity Spelling Bee
6
BOYS PLANET Quiz
7
This is Your Life: Edward Elric
8
This is Your Life: Itachi Uchiha
9
Survivor Winners Logic Quiz
10
One Piece Heroines Chapter Cover
Explore More
Trending Topics
Anime
NBA
Crossword
Marvel
Harry Potter
Kpop
Disney
The Office
WWE
Puzzle
Soccer
Pokémon
Country
Song
NFL
hide this ad
More By:
maccciscooox0
Quiz
Plays
Rating
Category
Featured
Created
MTV Challengers
4,850
4.25
Television
Sep 5, 2012
Degrassi Characters
2,479
2.67
Television
Dec 30, 2010
MTV Real World Castmates
680
2.33
Television
Sep 10, 2012
Big Brother Canada 1 Contestants
371
Television
Apr 10, 2013
The Maine Lyrics
368
5.00
Music
Jul 6, 2011
Go to Creator's Profile
Score Distribution
Quiz Creator Spotlight
maccciscooox0
Follow
Send a Message
Quizzes Created
-
Created Quiz Play Count
-
More By This Creator
Popular Quizzes Today
1
Colored Red Africa Blitz
2
Find the 'City' Movie
3
5x2 Blitz: Bands
4
Find the US States - No Outlines Minefield
5
The Countries of the World
6
Find the US States
7
US States
8
Find the Countries of Europe - No Outlines Minefield
More Entertainment Quizzes
X-Men by Real Name
Published
Trending Quizzes
Colored Red Europe Blitz I
Colored Red Europe Blitz II
Colored Red Africa Blitz II
Colored Red Europe Blitz III
Colored Red Africa Blitz III
Recently Updated
How Do You Spell That?
pecheneg
Godzilla Movies
pecheneg
Grab Bag: 4-10 Letters
pecheneg
2024 March Madness Bracket
pecheneg
Famous TV Couples
Peacemaker
Champions League XIs: Real Madrid
pecheneg
Largest US Cities 1790-2010
pecheneg
Rides in Walt Disney World
pecheneg
Most Oscar Losses (Acting)
pecheneg
Beyoncé Albums
pecheneg
Trending Topics
Marvel
Harry Potter
Crossword
Anime
Disney
Kpop
NBA
Pokémon
Soccer
WWE
NFL
Puzzle
Country
The Office
Song
Your Account Isn't Verified!
In order to create a playlist on Sporcle, you need to verify the email address you used during registration. Go to your
Sporcle Settings
to finish the process.
Report this User
Report this user for behavior that violates our
Community Guidelines
.
Details:
Send Report
Go to the Sporcle.com Mobile Site →
Comments